000 00658nam a2200217 i 4500
001 C2-0289213
003 PPAK
005 20180728022100.0
008 080807s2008 my a|||| ||||| | eng d
040 _aPPAK
_beng
_cPPAK
_erda
082 0 4 _a621.382
_223
090 0 0 _a621.382
_bSTA
_dKK
245 0 0 _aStatistical brief number six
_bHand phone users survey 2007
264 1 _aSelangor :
_bSuruhanjaya Komunikasi and Multimedia Malaysia ,
_c2008
300 _a28 pages :
_bcolour illustrations ;
_c30 cm
336 _2rdacontent
_atext
337 _2rdamedia
_aunmediated
338 _2rdacarrier
_avolume
650 1 0 _aMultimedia systems
942 _ddc
_cB
999 _c94702
_d94702